000
00373nam a22001457a 4500
008
230331b |||||||| |||| 00| 0 eng d
020
_a
978-93-89305-65-4
082
_a
160
100
_a
Steven Schuster
245
_a
The Critical Thinker
260
_b
Jaico Publishing House,
_c
2020
300
_a
178 p.
_c
21.5 cm
942
_2
ddc
999
_c
9440
_d
9441